LEADER 01042cam2 22002891 450 001 SOBE00047383 005 20260123092244.0 010 $a8820720590 100 $a20150528d1999 |||||ita|0103 ba 101 $aita 102 $aIT 200 0 $a1$fVittorio Silvestrini, Emilio Balzano, Clausia Silvestrini 210 $aNapoli$cLiguori$d1999 215 $a496 p.$cill.$d28 cm 461 1$1001SOBE00047381$12001 $aFisica / Vittorio Silvestrini, Emilio Balzano, Clausia Silvestrini 700 1$aSilvestrini$b, Vittorio$3A600200051060$4070$0359 701 1$aBalzano, Emilio$3SOBA00011215$4070$0346401 701 1$aSilvestrini, Claudia$3SOBA00011214$4070$0346402 801 0$aIT$bUNISOB$c20260123$gRICA 850 $aUNISOB 852 $aUNISOB$j500$m165822 912 $aSOBE00047383 940 $aM 102 Monografia moderna SBN 941 $aW 957 $a500$bVII (7)$i-1$gBRE$d165822$n20150528$racquisto$1catenacci$2UNISOB$3UNISOB$420150528141727.0$520260123092244.0$6menle$fTesto 2025/2026 996 $a1$91709297 997 $aUNISOB LEADER 01386nam0 22003253i 450 001 VAN00297812 005 20260316093858.483 010 $a978-88-928825-0-8 100 $a20250904d2023 |0itac50 ba 101 $aita 102 $aIT 105 $a|||| ||||| 181 $ai$b e 182 $an 183 $anc 200 1 $aCalcolo strutturale con gli elementi finiti$euna spiegazione di base del metodo degli elementi finiti applicato all'ingegneria strutturale$fPaolo Rugarli 205 $a2. ed 210 $aRoma$cEPC$d2023 215 $a463 p.$cill.$d24 cm. 410 1$1001VAN00120428$12001 $aDiagonali$1210 $aRoma$cEPC. 620 $dRoma$3VANL000360 700 1$aRugarli$bPaolo$f1963-$3VANV217100$01712689 712 $aEdizioni di protezione civile $3VANV111596$4650 801 $aIT$bSOL$c20260320$gRICA 856 4 $uhttps://www.epc.it/contenuti/9788892882508_sito.pdf$zhttps://www.epc.it/contenuti/9788892882508_sito.pdf 912 $aVAN00297812 950 $aBIBLIOTECA DEL DIPARTIMENTO DI INGEGNERIA$d05CONS G 1078 $e05UBI2392 20250904 950 $aBIBLIOTECA DEL DIPARTIMENTO DI INGEGNERIA$d05PREST G 1079 $e05UBI2393 20250904 996 $aCalcolo strutturale con gli elementi finiti$94429073 997 $aUNICAMPANIA